The great conciliator: Lal Bahadur Shastri and the transformation of India (Record no. 532025)

000 -LEADER
fixed length control field 00648nam a22001457a 4500
008 - FIXED-LENGTH DATA ELEMENTS--GENERAL INFORMATION
fixed length control field 251126b ||||| |||| 00| 0 eng d
100 ## - MAIN ENTRY--PERSONAL NAME
Personal name Singh, Rajesh O. P. and Mirza, Amna
245 ## - TITLE STATEMENT
Title The great conciliator: Lal Bahadur Shastri and the transformation of India
260 ## - PUBLICATION, DISTRIBUTION, ETC. (IMPRINT)
Place of publication, distribution, etc Indian Journal of Public Administration
300 ## - PHYSICAL DESCRIPTION
Extent 71(3), Sep, 2025: p.661-663
520 ## - SUMMARY, ETC.
Summary, etc Sanjeev Chopra, 2025, 371 pp., ₹899, Bloomsbury. ISBN: 978-9-35640-885-2.- Reproduced
• https://journals.sagepub.com/doi/full/10.1177/00195561251365294
773 ## - HOST ITEM ENTRY
Main entry heading Indian Journal of Public Administration
906 ## - LOCAL DATA ELEMENT F, LDF (RLIN)
Subject DIP BOOK REVIEW
942 ## - ADDED ENTRY ELEMENTS (KOHA)
Item type Articles
Holdings
Withdrawn status Lost status Source of classification or shelving scheme Damaged status Not for loan Permanent location Current location Date acquired Serial Enumeration / chronology Barcode Date last seen Koha item type
          Indian Institute of Public Administration Indian Institute of Public Administration 2025-11-26 71(3), Sep, 2025: p.661-663 AR137664 2025-11-26 Articles

Powered by Koha